000 00430nam a2200145 a 4500
005 20140414132104.0
008 100823s19uu xx 00 eng d
050 _aTR 428.2
_bH53 2004
100 _aHidalgo, Cristina Pantoja
245 _aBe your own english teacher! :
_bNew words.
260 _aManila, Philippines :
_bMiflores Publishing,
_c2004.
440 _aThe Miflores English Series
999 _c114545
_d114545